000 00704nam a22002537a 4500
003 UA-OsUOA
001 61256
007 ta
008 20090623b un ||||| |||| 00| 0 ukr d
100 _aГёффдинг Г.
090 _a215
_bГ45
942 _cBK
040 _aUA-OsUOA
_brus
_cUA-OsUOA
_dUA-OsUOA
245 _aФилософия религии
300 _a408 с.
955 _a2
041 _arus
080 _a215
020 _a978-5-382-00358-0
260 _aМ.
_bЛКИ
_c2007
250 _n3-е
650 7 _a21 Природна теологія. Теодицея (Бог). Раціональна теологія Релігійна філософія
_2UDC
999 _c347161
_d347161